000
00306nam a2200133Ia 4500
008
151001s9999||||xx |||||||||||||| ||und||
100
_a
जाधव वामन
245
_a
अंधार
250
_a
1
260
_b
मेघना
260
_c
2008
300
_a
76
365
_b
18
999
_c
993450
_d
993447